So it goes : (Record no. 1848)
[ view plain ]
| 000 -LEADER | |
|---|---|
| fixed length control field | 02673cam a22005177i 4500 |
| 001 - CONTROL NUMBER | |
| control field | data |
| 005 - DATE AND TIME OF LATEST TRANSACTION | |
| control field | 20260322212121.0 |
| 008 - FIXED-LENGTH DATA ELEMENTS--GENERAL INFORMATION | |
| fixed length control field | data |
| 035 ## - SYSTEM CONTROL NUMBER | |
| System control number | 21951882 |
| 010 ## - LIBRARY OF CONGRESS CONTROL NUMBER | |
| LC control number | 2020478396 |
| 015 ## - NATIONAL BIBLIOGRAPHY NUMBER | |
| National bibliography number | GBB9F9027 |
| Source | bnb |
| 016 7# - NATIONAL BIBLIOGRAPHIC AGENCY CONTROL NUMBER | |
| Record control number | 019546104 |
| Source | Uk |
| 020 ## - INTERNATIONAL STANDARD BOOK NUMBER | |
| International Standard Book Number | 9781780601144 |
| Qualifying information | hardcover |
| 020 ## - INTERNATIONAL STANDARD BOOK NUMBER | |
| International Standard Book Number | 178060114X |
| Qualifying information | hardcover |
| 035 ## - SYSTEM CONTROL NUMBER | |
| System control number | (OCoLC)1099832737 |
| 040 ## - CATALOGING SOURCE | |
| Original cataloging agency | YDX |
| Language of cataloging | eng |
| Transcribing agency | YDX |
| Description conventions | rda |
| Modifying agency | DLC |
| -- | OCLCO |
| -- | OCLCF |
| -- | OCLCQ |
| -- | ATXAS |
| -- | BDX |
| -- | NZMAP |
| -- | OCLCO |
| -- | YDX |
| -- | OCL |
| -- | DLC |
| 041 0# - LANGUAGE CODE | |
| Language code of text/sound track or separate title | eng |
| Language code of original | fre |
| 042 ## - AUTHENTICATION CODE | |
| Authentication code | lccopycat |
| 050 00 - LIBRARY OF CONGRESS CALL NUMBER | |
| Classification number | G490 |
| Item number | .B68 2019 |
| 082 04 - DEWEY DECIMAL CLASSIFICATION NUMBER | |
| Classification number | 910.4092 |
| Edition information | 23 |
| 100 1# - MAIN ENTRY--PERSONAL NAME | |
| Personal name | Bouvier, Nicolas, |
| Relator term | author. |
| 245 10 - TITLE STATEMENT | |
| Title | So it goes : |
| Remainder of title | travels in the Aran Isles, Xian and places in between / |
| Statement of responsibility, etc. | Nicolas Bouvier ; translated by Robyn Marsack. |
| 264 #1 - PRODUCTION, PUBLICATION, DISTRIBUTION, MANUFACTURE, AND COPYRIGHT NOTICE | |
| Place of production, publication, distribution, manufacture | London, England : |
| Name of producer, publisher, distributor, manufacturer | Eland, |
| Date of production, publication, distribution, manufacture, or copyright notice | 2019. |
| 264 #4 - PRODUCTION, PUBLICATION, DISTRIBUTION, MANUFACTURE, AND COPYRIGHT NOTICE | |
| Date of production, publication, distribution, manufacture, or copyright notice | ©2019 |
| 300 ## - PHYSICAL DESCRIPTION | |
| Extent | 182 pages : |
| Other physical details | maps ; |
| Dimensions | 23 cm |
| 336 ## - CONTENT TYPE | |
| Content type term | text |
| Content type code | txt |
| Source | rdacontent |
| 336 ## - CONTENT TYPE | |
| Content type term | cartographic image |
| Content type code | cri |
| Source | rdacontent |
| 337 ## - MEDIA TYPE | |
| Media type term | unmediated |
| Media type code | n |
| Source | rdamedia |
| 338 ## - CARRIER TYPE | |
| Carrier type term | volume |
| Carrier type code | nc |
| Source | rdacarrier |
| 500 ## - GENERAL NOTE | |
| General note | "First published in French under the titles Journal d'Aran et d'autres lieux, Voyage dans les Lowlands and Thesaurus Pauperus ou la guerre à huit ans"--Title page verso. |
| 505 0# - FORMATTED CONTENTS NOTE | |
| Formatted contents note | Aran journal -- Scotland: travels in the Lowlands -- In the mists of the Whisky Isle -- Xian -- The roads to Halla-San or The old shit-track again -- An eight-year-old's war -- About the author. |
| 520 ## - SUMMARY, ETC. | |
| Summary, etc. | A collection of Bouvier's best travel stories, covering: the Aran Isles, lowland Scotland, Islay, Xian in China, Korea and Bouvier's childhood What makes Nicolas Bouvier such a well-loved travel writer is his exquisite sensitivity to the beauties of life, and his ability to capture those elusive moments in a style that is light, yet pregnant with wonder. Whether he's delirious in the wintery Aran Isles, where the air 'unites the virtues of champagne, cocaine, caffeine, and the ecstasy of love' or singing the praises of his Chinese tour guide, this collection of his shorter travel pieces brims with his particular joie de vivre. |
| 546 ## - LANGUAGE NOTE | |
| Language note | Translated from the French. |
| 600 10 - SUBJECT ADDED ENTRY--PERSONAL NAME | |
| Personal name | Bouvier, Nicholas |
| General subdivision | Travel. |
| 650 #0 - SUBJECT ADDED ENTRY--TOPICAL TERM | |
| Topical term or geographic name entry element | Travel. |
| 650 #7 - SUBJECT ADDED ENTRY--TOPICAL TERM | |
| Topical term or geographic name entry element | Travel. |
| Source of heading or term | fast |
| Authority record control number or standard number | (OCoLC)fst01155558 |
| 655 #7 - INDEX TERM--GENRE/FORM | |
| Genre/form data or focus term | Travel writing. |
| Source of term | fast |
| Authority record control number or standard number | (OCoLC)fst01919983 |
| 655 #7 - INDEX TERM--GENRE/FORM | |
| Genre/form data or focus term | Travel writing. |
| Source of term | lcgft |
| 700 1# - ADDED ENTRY--PERSONAL NAME | |
| Personal name | Marsack, Robyn, |
| Relator term | translator. |
| 906 ## - LOCAL DATA ELEMENT F, LDF (RLIN) | |
| a | 7 |
| b | cbc |
| c | copycat |
| d | 3 |
| e | ncip |
| f | 20 |
| g | y-gencatlg |
| 925 0# - | |
| -- | acquire |
| -- | 1 shelf copy |
| -- | policy default |
| 923 ## - | |
| -- | 03-09-21 |
| -- | I-200012899 |
| -- | Uk-RwCLS |
| 985 ## - | |
| -- | VENDOR LOAD |
| Withdrawn status | Lost status | Damaged status | Not for loan | Home library | Current library | Shelving location | Date acquired | Total checkouts | Full call number | Barcode | Date last seen | Price effective from | Koha item type |
|---|---|---|---|---|---|---|---|---|---|---|---|---|---|
| Centerville | Centerville | General stacks | 22/03/2026 | 910.4092 | LOC-CPL-00016 | 22/03/2026 | 22/03/2026 | Books |